Central Library OPAC University of Rajshahi

Stress and campus response / (Record no. 50825)

MARC details
000 -LEADER
fixed length control field 01363nam a22003851 4500
001 - CONTROL NUMBER
control field 50825
003 - CONTROL NUMBER IDENTIFIER
rucl marc code BD-RjUL
005 - DATE AND TIME OF LATEST TRANSACTION
control field 20211209075554.0
008 - FIXED-LENGTH DATA ELEMENTS--GENERAL INFORMATION
fixed length control field 160828s1968 cau b 100 0 eng
035 ## - SYSTEM CONTROL NUMBER
System control number BD-RjUL50945
System control number (OCoLC)00173888
System control number GLIS00512843
040 ## - CATALOGING SOURCE
Original cataloging agency DLC
Transcribing agency DLC
Modifying agency m.c.
-- RCD
Language of cataloging eng
041 ## - LANGUAGE CODE
Language code of text/sound track or separate title eng
082 ## - DEWEY DECIMAL CLASSIFICATION NUMBER
Edition number 23
Classification number 378
Author mark and year STR 1968
090 ## - LOCALLY ASSIGNED LC-TYPE CALL NUMBER (OCLC); LOCAL CALL NUMBER (OCLC)
Classification number (OCLC) (R) ; Classification number, CALL (RLIN) (NR) LB2301
Local cutter number (OCLC) ; Book number/undivided call number, CALL (RLIN) .S915
099 ## - LOCAL FREE-TEXT CALL NUMBER (OCLC)
Bangla Class number LB2301.S915
245 00 - TITLE STATEMENT
Title Stress and campus response /
250 ## - EDITION STATEMENT
Edition statement [1st ed.]
260 ## - PUBLICATION, DISTRIBUTION, ETC. (IMPRINT)
Place of publication, distribution, etc. San Francisco :
Name of publisher, distributor, etc. Jossey-Bass,
Date of publication, distribution, etc. 1968.
300 ## - PHYSICAL DESCRIPTION
Pagination xviii, 297 p. ;
Size 24 cm.
490 1# - SERIES STATEMENT
Series statement Current issues in higher education ;
Volume/sequential designation 1968
Series statement Jossey-Bass series in higher education
500 ## - GENERAL NOTE
General note Based on essays selected from the Twenty-third National Conference on Higher Education.
General note "A publication of the American Association for Higher Education."
504 ## - BIBLIOGRAPHY, ETC. NOTE
Bibliography, etc Bibliographical footnotes.
650 #0 - SUBJECT ADDED ENTRY--TOPICAL TERM
Topical term or geographic name as entry element Education, Higher
Geographic subdivision United States.
9 (RLIN) 152137
710 2# - ADDED ENTRY--CORPORATE NAME
Corporate name or jurisdiction name as entry element American Association for Higher Education.
9 (RLIN) 152138
711 2# - ADDED ENTRY--MEETING NAME
Meeting name or jurisdiction name as entry element National Conference on Higher Education
Number of part/section/meeting (23rd :
Date of meeting 1968 :
Location of meeting Chicago, Ill.)
9 (RLIN) 152139
830 #0 - SERIES ADDED ENTRY--UNIFORM TITLE
Uniform title Current issues in higher education ;
Volume number/sequential designation 1968.
Uniform title Jossey-Bass series in higher education.
942 ## - ADDED ENTRY ELEMENTS (KOHA)
Source of classification or shelving scheme Dewey Decimal Classification
Koha item type Books
949 ## - LOCAL PROCESSING INFORMATION (OCLC)
a MYGH
-- MYGH
Holdings
Lost status Source of classification or shelving scheme Damaged status Not for loan Collection code Permanent Location Current Location Shelving location Date acquired Source of acquisition Total Checkouts Full call number Date last seen Copy number Koha item type
  Dewey Decimal Classification     Non-fiction Central Library, University of Rajshahi Central Library, University of Rajshahi   30/12/1970 Sweets & Zeetlinger   378 STR 1968 28/08/2016 C-2 Books